Ενεργειακή & περιβαλλοντική φυσική

Αποθηκεύτηκε σε:
Λεπτομέρειες βιβλιογραφικής εγγραφής
Κύριος συγγραφέας: Αργυρίου, Αθανάσιος
Άλλοι συγγραφείς: Γιαννούλη, Μυρσίνη
Μορφή: Βιβλίο
Γλώσσα:Greek
Δημοσίευση: Αθήνα : Αράκυνθος, c2010
Θέματα:
Ετικέτες: Προσθήκη ετικέτας
Δεν υπάρχουν, Καταχωρήστε ετικέτα πρώτοι!

MARC

LEADER 00000nam a2200000 i 4500
001 1/20632
008 120615s2010 gre d
020 |a 978-960-9474-01-6 
035 |l 10112739 
040 |a GR-MY-UA  |b gre  |e aacr 
041 0 |a gre 
082 0 |a 530  |2 (22) 
100 1 |a Αργυρίου, Αθανάσιος. 
245 1 0 |a Ενεργειακή & περιβαλλοντική φυσική /  |c Αργυρίου Αθανάσιος, Γιαννούλη Μυρσίνη 
246 3 3 |a Ενεργειακή και περιβαλλοντική φυσική 
260 |a Αθήνα :   |b Αράκυνθος,   |c c2010 
300 |a 284 σ.;  |b εικ., σχέδια;  |c 28 εκ. 
504 |a Βιβλιογραφία: σ.284 
650 0 0 |a Physics. 
700 1 |a Γιαννούλη, Μυρσίνη. 
852 |a INST  |b CHIOS  |c EUDOXUS  |e 20120615  |h 530 ΑΡΓ  |p 005200032874  |q 005200032874  |t EDX  |y 0 
901 |a BIBL2-2012-2 
909 |a Χ  |b 169176 
920 |a ΕΥΔΟΞΟΣ  |b ΕΠΙΣΤΡΟΦΗ  |y ΧΙΟΣ  |z 2012-03 
970 |a ΣΠΕΝΤΖΑ  |b ΕΛΕΝΗ  |z 2012/06/15